| Поле | Название | Значение |
| |
Тип записи |
a |
| |
Библиографический уровень |
m |
| 001 |
Контрольный номер |
RU\infra-m\znanium\bibl\2171140 |
| 005 |
Дата корректировки |
20260429142125.2 |
| 008 |
Кодируемые данные |
240904s2024 RU g rus u |
| 020 |
Индекс ISBN |
__ |
| a |
ISBN |
978-5-9729-2166-9 |
| 040 |
Источник каталогиз. |
__ |
| a |
Служба первич. каталог. |
Общество с ограниченной ответственностью «ЗНАНИУМ» |
| 041 |
Код языка издания |
__ |
| a |
Код языка текста |
rus |
| 044 |
Код страны публикации |
__ |
| a |
Код страны публикации |
RU |
| 080 |
Индекс УДК |
__ |
| a |
Индекс УДК |
663 |
| 080 |
Индекс УДК |
__ |
| a |
Индекс УДК |
664 |
| 084 |
Индекс другой классификации/Индекс ББК |
__ |
| 2 |
Источник индекса |
rubbk |
| a |
Индекс другой классификации/Индекс ББК |
36 |
| 084 |
Индекс другой классификации/Индекс ББК |
__ |
| 2 |
Источник индекса |
okso |
| a |
Индекс другой классификации/Индекс ББК |
19.02.10 |
| 084 |
Индекс другой классификации/Индекс ББК |
__ |
| 2 |
Источник индекса |
okso |
| a |
Индекс другой классификации/Индекс ББК |
19.03.01 |
| 084 |
Индекс другой классификации/Индекс ББК |
__ |
| 2 |
Источник индекса |
okso |
| a |
Индекс другой классификации/Индекс ББК |
19.03.02 |
| 084 |
Индекс другой классификации/Индекс ББК |
__ |
| 2 |
Источник индекса |
okso |
| a |
Индекс другой классификации/Индекс ББК |
19.03.03 |
| 084 |
Индекс другой классификации/Индекс ББК |
__ |
| 2 |
Источник индекса |
okso |
| a |
Индекс другой классификации/Индекс ББК |
19.03.04 |
| 084 |
Индекс другой классификации/Индекс ББК |
__ |
| 2 |
Источник индекса |
okso |
| a |
Индекс другой классификации/Индекс ББК |
43.02.15 |
| 100 |
Автор |
__ |
| a |
Автор |
Сырчина Н.В. |
| q |
Полное имя |
Сырчина Надежда Викторовна |
| u |
Дополнение |
Вятский государственный университет |
| 245 |
Заглавие |
__ |
| a |
Заглавие |
Химия пищевых продуктов |
| b |
Продолж. заглавия |
Учебное пособие |
| c |
Ответственность |
Вятский государственный университет |
| 260 |
Выходные данные |
__ |
| a |
Место издания |
Вологда |
| b |
Издательство |
Инфра-Инженерия |
| c |
Дата издания |
2024 |
| 300 |
Физическое описание |
__ |
| a |
Объем |
300 с. |
| 520 |
Аннотация |
__ |
| a |
Аннотация |
Включает краткие сведения о химическом составе энергетической ценности и физиологической роли основных компонентов пищевых продуктов лабораторный практикум а также вопросы и задания для закрепления полученных знаний и организации самостоятельной работы обучающихся. Лабораторный практикум ориентирован на использование практически значимых методик не требующих сложного оборудования опасных или малодоступных реактивов и чрезмерных затрат времени. Для обучающихся по программам среднего профессионального и высшего образования по направлениям 19.03.01 «Биотехнология»; 19.03.02 «Продукты питания из растительного сырья»; 19.03.03 «Продукты питания животного происхождения»; 19.03.04 «Технология продукции и организация общественного питания» и специальностям 43.02.15 «Поварское и кондитерское дело»; 38.02.05 «Товароведение и экспертиза качества потребительских товаров»; 19.02.10 «Технология продукции общественного питания». |
| 521 |
Примеч. о цел. назн. |
__ |
| a |
Примеч. о целев. назн. |
ВО - Бакалавриат |
| 650 |
Тематические рубрики |
__ |
| a |
Основная рубрика |
Промышленность. Энергетика |
| x |
Основная подрубрика |
Процессы и аппараты пищевых производств |
| 655 |
Указ. предметных рубрик (устаревшее) |
__ |
| a |
Жанр/ форма (устаревшее) |
Учебное пособие |
| 856 |
Электронный адрес документа |
4_ |
| a |
Имя сервера/домена |
znanium.ru |
| m |
Помощь |
ebs_support@infra-m.ru |
| n |
Местонахождение сервера |
НИЦ ИНФРА-М |
| u |
URL |
https://znanium.ru/catalog/document?id=452597 |
| 856 |
Электронный адрес документа |
48 |
| a |
Имя сервера/домена |
znanium.ru |
| d |
Путь |
/cover/2171 |
| f |
Электронное имя |
2171140.jpg |
| q |
Тип электронного формата |
image/jpeg |
| u |
URL |
https://znanium.ru/cover/2171/2171140.jpg |
| 911 |
|
__ |
| u |
|
0030=https://znanium.ru/catalog/document?id=452597 |